| 000 | 00509 a2200205 4500 | ||
|---|---|---|---|
| 001 | 113565 | ||
| 020 | _a9788525047649 | ||
| 041 | _apor | ||
| 082 | _aAP IK 028 | ||
| 100 | _aOliveira Filho, Milton Célio de. | ||
| 250 | _a1. ed. | ||
| 300 | _a23 p. | ||
| 697 | _aLiteratura infatojuvenil. | ||
| 856 | _u000024/0000243a.jpg | ||
| 040 |
_aBR-BrIDEA _cBR-BrIDEA |
||
| 090 |
_aAP SK 028 _bOLI |
||
| 245 | 1 | 0 |
_aO ovo _c Milton Célio de Oliveira Filho |
| 260 |
_aSão Paulo _bGlobo _c2010 |
||
| 942 | _cBK | ||
| 999 |
_c113565 _d113565 |
||